Вып. 87 : Вопросы формирования и закономерности размещения месторождений золота и платины; Труды института ЦНИГРИ

Chi tiết về thư mục
Parent link:Труды института ЦНИГРИ/ Центральный научно-исследовательский горно-разведочный институт цветных, редких и благородных металлов. Вып. 87 : Вопросы формирования и закономерности размещения месторождений золота и платины.— , 1958-
Tác giả khác: Бородаевская М. Б. (редактор)
Ngôn ngữ:Tiếng Nga
Được phát hành: 1970
Những chủ đề:
Định dạng: Sách
KOHA link:https://koha.lib.tpu.ru/cgi-bin/koha/opac-detail.pl?biblionumber=379030

MARC

LEADER 00000nam2a2200000 4500
001 379030
005 20231102013044.0
035 |a (RuTPU)RU\TPU\retro\36491 
035 |a RU\TPU\retro\36490 
090 |a 379030 
100 |a 20230623d1970 k y0rusy50 ca 
101 0 |a rus 
102 |a RU 
105 |a a z 001zy 
200 0 |a Вып. 87 : Вопросы формирования и закономерности размещения месторождений золота и платины  |f отв. ред. Г. П. Воларович 
210 |d 1970 
215 |a 256 с.  |c ил. 
320 |a Библиогр. в конце ст. 
461 1 |0 (RuTPU)RU\TPU\retro\36250  |t Труды института ЦНИГРИ  |f Центральный научно-исследовательский горно-разведочный институт цветных, редких и благородных металлов  |v Вып. 87 : Вопросы формирования и закономерности размещения месторождений золота и платины  |d 1958-  
606 1 |a Золоторудные месторождения  |2 stltpush  |3 (RuTPU)RU\TPU\subj\11877  |9 38756 
610 1 |a геология 
610 1 |a золото 
610 1 |a горное дело 
610 1 |a земная кора 
610 1 |a металлогеническое развитие 
610 1 |a направленния развития 
610 1 |a дифференциальные итрузивы 
610 1 |a базальтоидный магматизм 
610 1 |a прогностические карты 
610 1 |a колчеданные руды 
610 1 |a свинцово-цинковые месторождения 
610 1 |a золотоносность 
610 1 |a Южный Урал 
610 1 |a Центральный Казахстан 
610 1 |a самородное золото 
610 1 |a кимберлиты 
610 1 |a Сибирская платформа 
610 1 |a Норильское месторождение 
610 1 |a алмазные россыпи 
610 1 |a критерии оценки 
675 |a 553.411  |v 3 
702 1 |a Бородаевская  |b М. Б.  |4 340 
801 1 |a RU  |b 63413507  |c 20051123  |g PSBO 
801 2 |a RU  |b 63413507  |c 20230623  |g PSBO 
942 |c BK